[Event "Madrid-chT 2122"]
[Site "Madrid"]
[Date "2021.12.19"]
[Round "3.6"]
[White "Zhou, Lulu"]
[Black "Yañez Rodriguez, Wilbert"]
[Result "0-1"]
[WhiteElo "2184"]
[BlackElo "2118"]
[PlyCount "92"]
[EventDate "2021.11.27"]
[EventType "team-tourn"]
[EventRounds "14"]
[EventCountry "ESP"]
[SourceTitle "Ajedrez en Madrid"]
[Source "lmi"]
[SourceDate "2021.11.28"]
[SourceVersion "1"]
[SourceVersionDate "2022.03.28"]
[SourceQuality "1"]
[WhiteTeam "Collado Villalba"]
[BlackTeam "Alcala de Henares"]
[WhiteTeamCountry "ESP"]
[BlackTeamCountry "ESP"]

1. e4 c6 2. Nc3 d5 3. Nf3 Bg4 4. d4 e6 5. Bd3 Nf6 6. h3 Bh5 7. O-O Be7 8. e5
Nfd7 9. g4 Bg6 10. Bxg6 hxg6 11. Ne2 Rxh3 12. Kg2 Rh8 13. Rh1 Rg8 14. Nf4 c5
15. c4 Nb6 16. dxc5 Nxc4 17. b3 Na5 18. Qd3 Nbc6 19. Rh7 Qc7 20. Bd2 O-O-O 21.
Re1 Bxc5 22. Rc1 Ba3 23. Rc2 Kb8 24. Qb5 Qb6 25. Qa4 Bb4 26. Be3 d4 27. Nxd4
Nxd4 28. Ne2 Nac6 29. Rc4 Bc5 30. b4 Be7 31. b5 Qxb5 32. Nxd4 Qxa4 33. Rxa4
Nxd4 34. Bxd4 b6 35. Be3 g5 36. Re4 Rd5 37. Kf3 b5 38. Ke2 Kb7 39. Rh5 Rc8 40.
Bxg5 g6 41. Bxe7 gxh5 42. gxh5 Rh8 43. Bd6 Rxh5 44. Rf4 Rf5 45. Rb4 a5 46. Rb2
f6 0-1

[Event "Madrid-chT 2122"]
[Site "Madrid"]
[Date "2022.01.09"]
[Round "4.1"]
[White "Candela Perez, Jose"]
[Black "Rubio Mejia, Luis Ignacio"]
[Result "1/2-1/2"]
[WhiteElo "2335"]
[BlackElo "2408"]
[PlyCount "106"]
[EventDate "2021.11.27"]
[EventType "team-tourn"]
[EventRounds "14"]
[EventCountry "ESP"]
[SourceTitle "Ajedrez en Madrid"]
[Source "lmi"]
[SourceDate "2021.11.28"]
[SourceVersion "1"]
[SourceVersionDate "2022.03.28"]
[SourceQuality "1"]
[WhiteTeam "Alcala de Henares"]
[BlackTeam "Virgen de Atocha"]
[WhiteTeamCountry "ESP"]
[BlackTeamCountry "ESP"]

1. d4 Nf6 2. c4 e6 3. Nf3 d5 4. Nc3 dxc4 5. e3 a6 6. Bxc4 b5 7. Be2 Bb7 8. O-O
Nbd7 9. a3 Bd6 10. b4 O-O 11. Bb2 Qe7 12. Qc2 e5 13. dxe5 Nxe5 14. Nxe5 Qxe5
15. g3 Qe6 16. Bd3 Qh3 17. f3 c5 18. bxc5 Bxc5 19. Rae1 Bb6 20. Bf5 Qh6 21. Nd1
Rfe8 22. Kg2 Nd5 23. e4 Ne7 24. Bc1 Qf6 25. Bd7 Red8 26. e5 Qg6 27. Qxg6 Nxg6
28. e6 fxe6 29. Bxe6+ Kh8 30. Be3 Ba5 31. Re2 Ne5 32. Bg5 Rxd1 33. Rxd1 Bxf3+
34. Kf2 Bxe2 35. Kxe2 Re8 36. Bb3 Nc4+ 37. Kf3 Nxa3 38. Rd6 Nc4 39. Rxa6 Nd2+
40. Bxd2 Bxd2 41. Bd5 b4 42. Ra8 Rxa8 43. Bxa8 b3 44. Be4 g6 45. Ke2 Bg5 46.
Kd3 Bf6 47. Bd5 b2 48. Kc2 Kg7 49. g4 g5 50. h3 Bd4 51. Be4 h6 52. Bc6 Kf6 53.
Be8 Ke5 1/2-1/2

[Event "Madrid-chT 2122"]
[Site "Madrid"]
[Date "2022.01.09"]
[Round "4.2"]
[White "Martinez Martin, David"]
[Black "Moreno Ibañez, Miguel"]
[Result "1-0"]
[WhiteElo "2381"]
[BlackElo "2268"]
[PlyCount "49"]
[EventDate "2021.11.27"]
[EventType "team-tourn"]
[EventRounds "14"]
[EventCountry "ESP"]
[SourceTitle "Ajedrez en Madrid"]
[Source "lmi"]
[SourceDate "2021.11.28"]
[SourceVersion "1"]
[SourceVersionDate "2022.03.28"]
[SourceQuality "1"]
[WhiteTeam "Virgen de Atocha"]
[BlackTeam "Alcala de Henares"]
[WhiteTeamCountry "ESP"]
[BlackTeamCountry "ESP"]

1. e4 c5 2. Nf3 d6 3. d4 cxd4 4. Nxd4 Nf6 5. Nc3 Nc6 6. Bc4 e6 7. Be3 Be7 8.
Qe2 O-O 9. Bb3 Qc7 10. O-O-O a6 11. g4 Nxd4 12. Rxd4 Nd7 13. g5 Nc5 14. f4 Re8
15. Kb1 b5 16. Rg1 g6 17. h4 Rb8 18. h5 Bf8 19. hxg6 hxg6 20. f5 d5 21. f6 b4
22. Qf2 e5 23. Nxd5 Qa5 24. Rc4 Nxb3 25. axb3 1-0

[Event "Madrid-chT 2122"]
[Site "Madrid"]
[Date "2022.01.09"]
[Round "4.3"]
[White "Fernandez Lledo, Javier"]
[Black "Vallejo Diaz, Jesus"]
[Result "1/2-1/2"]
[WhiteElo "2245"]
[BlackElo "2211"]
[PlyCount "135"]
[EventDate "2021.11.27"]
[EventType "team-tourn"]
[EventRounds "14"]
[EventCountry "ESP"]
[SourceTitle "Ajedrez en Madrid"]
[Source "lmi"]
[SourceDate "2021.11.28"]
[SourceVersion "1"]
[SourceVersionDate "2022.03.28"]
[SourceQuality "1"]
[WhiteTeam "Alcala de Henares"]
[BlackTeam "Virgen de Atocha"]
[WhiteTeamCountry "ESP"]
[BlackTeamCountry "ESP"]

1. Nf3 Nf6 2. b3 d6 3. d4 Nbd7 4. Bb2 c5 5. e3 e6 6. Nbd2 Be7 7. Bd3 O-O 8. g4
cxd4 9. Nxd4 Nc5 10. Rg1 Nxd3+ 11. cxd3 Qd7 12. Qf3 d5 13. g5 Ne8 14. Qg3 b6
15. f4 f6 16. N2f3 Ba6 17. Ke2 Rc8 18. Qh3 Nc7 19. Rg4 e5 20. fxe5 fxg5 21. Qg3
Ne6 22. h4 h5 23. Rxg5 Bxg5 24. hxg5 Nxd4+ 25. Nxd4 g6 26. e6 Qc7 27. Qxc7 Rxc7
28. Ba3 Re8 29. Rf1 Rc3 30. Rf6 Rxd3 31. Rxg6+ Kh7 32. Rh6+ Kg8 33. Kf3 Bc8 34.
e7 Bg4+ 35. Kf4 Rd2 36. Rf6 Rf2+ 37. Ke5 Rxf6 38. gxf6 h4 39. Kf4 h3 40. Kg3
Kf7 41. Bd6 Bd7 42. Be5 Rg8+ 43. Kh2 Rg2+ 44. Kh1 Rxa2 45. Nf3 Rg2 46. Bc3 Be8
47. Ng1 Bd7 48. Nf3 Be8 49. Ng1 Rg3 50. Bd4 Bd7 51. Ne2 Rg2 52. Nc3 Bg4 53. Nb5
Bd7 54. Nd6+ Ke6 55. e8=Q+ Bxe8 56. Nxe8 Rc2 57. Ng7+ Kf7 58. Nf5 Rf2 59. Ne7
Ke6 60. Ng6 Kf5 61. e4+ Kxg6 62. Bxf2 dxe4 63. Bh4 a5 64. Kh2 b5 65. Kxh3 a4
66. bxa4 bxa4 67. Kg4 a3 68. Be1 1/2-1/2

[Event "Madrid-chT 2122"]
[Site "Madrid"]
[Date "2022.01.09"]
[Round "4.4"]
[White "Vazquez Torres, Adrian"]
[Black "Cubillo Muñoz, Miguel"]
[Result "1-0"]
[WhiteElo "2197"]
[BlackElo "2125"]
[PlyCount "53"]
[EventDate "2021.11.27"]
[EventType "team-tourn"]
[EventRounds "14"]
[EventCountry "ESP"]
[SourceTitle "Ajedrez en Madrid"]
[Source "lmi"]
[SourceDate "2021.11.28"]
[SourceVersion "1"]
[SourceVersionDate "2022.03.28"]
[SourceQuality "1"]
[WhiteTeam "Virgen de Atocha"]
[BlackTeam "Alcala de Henares"]
[WhiteTeamCountry "ESP"]
[BlackTeamCountry "ESP"]

1. e4 c5 2. Nf3 g6 3. Nc3 Bg7 4. Bc4 Nc6 5. a4 d6 6. d3 Nf6 7. h3 O-O 8. Bg5 a6
9. Qd2 Re8 10. Bh6 Bh8 11. h4 e6 12. Ba2 d5 13. h5 dxe4 14. hxg6 hxg6 15. Ng5
exd3 16. cxd3 b5 17. Nge4 Nxe4 18. Nxe4 Nb4 19. Bg5 Qd4 20. Rxh8+ Qxh8 21. Nf6+
Kf8 22. Qc3 Re7 23. Nd7+ Kg8 24. Qxh8+ Kxh8 25. Bf6+ Kh7 26. O-O-O g5 27. Nf8+
1-0

[Event "Madrid-chT 2122"]
[Site "Madrid"]
[Date "2022.01.09"]
[Round "4.5"]
[White "Vaquerizo Calvo, Miguel Arturo"]
[Black "Rabadan Velasco, Raul"]
[Result "1/2-1/2"]
[WhiteElo "2054"]
[BlackElo "2175"]
[PlyCount "265"]
[EventDate "2021.11.27"]
[EventType "team-tourn"]
[EventRounds "14"]
[EventCountry "ESP"]
[SourceTitle "Ajedrez en Madrid"]
[Source "lmi"]
[SourceDate "2021.11.28"]
[SourceVersion "1"]
[SourceVersionDate "2022.03.28"]
[SourceQuality "1"]
[WhiteTeam "Alcala de Henares"]
[BlackTeam "Virgen de Atocha"]
[WhiteTeamCountry "ESP"]
[BlackTeamCountry "ESP"]

1. e4 c5 2. Nf3 e6 3. d4 cxd4 4. Nxd4 a6 5. Nc3 d6 6. Bc4 Nf6 7. Bb3 Nbd7 8.
O-O Nc5 9. f4 Be7 10. Qf3 O-O 11. f5 Bd7 12. g4 e5 13. Nde2 Bc6 14. Ng3 Nxb3
15. axb3 d5 16. exd5 Nxd5 17. Nce4 Nf6 18. Rd1 Qb6+ 19. Be3 Qb4 20. Nxf6+ Bxf6
21. Qe2 Bh4 22. c4 Qxb3 23. Ra3 Qb4 24. Nh5 Rfd8 25. Rf1 b5 26. Rc3 bxc4 27. g5
Rd3 28. g6 fxg6 29. fxg6 Qd6 30. gxh7+ Kxh7 31. Rxc4 Rxe3 32. Qxe3 Qd5 33. Rxc6
Qxc6 34. Qxe5 Qg6+ 35. Ng3 Re8 36. Qf4 Qb6+ 37. Qf2 Qxf2+ 38. Rxf2 Bf6 39. Kg2
Rb8 40. Ne4 Bd4 41. Rf5 Rxb2+ 42. Kg3 Rb5 43. Rf8 Be5+ 44. Kg4 Bxh2 45. Ra8 Rb4
46. Kf3 Ra4 47. Nc5 Ra3+ 48. Kg2 Ra2+ 49. Kh3 a5 50. Ra6 Bg1 51. Ne4 Be3 52.
Kg4 Ra4 53. Kf3 Bh6 54. Nc5 Ra1 55. Ke4 Kg8 56. Nb3 Ra3 57. Nc5 Kf7 58. Kf5 g6+
59. Ke5 Bg7+ 60. Kd5 Ra1 61. Ra7+ Kg8 62. Ne4 Rf1 63. Nd6 Bf8 64. Ne4 g5 65.
Ke6 Re1 66. Kf5 Bb4 67. Nxg5 Re7 68. Ra8+ Kg7 69. Ne6+ Kh7 70. Kf6 Rxe6+ 71.
Kxe6 Kg6 72. Rg8+ Kh5 73. Kf5 Kh4 74. Rg7 Kh3 75. Kf4 Kh2 76. Kf3 Kh1 77. Rg2
Bc5 78. Rg5 Bb4 79. Kf2 Bd6 80. Rh5+ Bh2 81. Rxa5 Bg1+ 82. Kg3 Bh2+ 83. Kf3 Bc7
84. Rh5+ Bh2 85. Rh7 Kg1 86. Kg4 Kg2 87. Rb7 Kh1 88. Rb2 Bg1 89. Kg3 Bc5 90.
Rh2+ Kg1 91. Rh5 Bd6+ 92. Kf3 Bc7 93. Rc5 Bb8 94. Rc1+ Kh2 95. Kf2 Ba7+ 96. Kf3
Bb6 97. Rc6 Ba7 98. Ke2 Kg2 99. Rg6+ Kh1 100. Kf1 Bb8 101. Rg7 Bd6 102. Rg1+
Kh2 103. Rg6 Bb8 104. Rh6+ Kg3 105. Kg1 Bf4 106. Rg6+ Kf3 107. Ra6 Be3+ 108.
Kf1 Bf4 109. Ra3+ Be3 110. Rb3 Ke4 111. Ke2 Bc5 112. Rh3 Ba7 113. Rh4+ Kf5 114.
Kf3 Kg5 115. Ra4 Bb6 116. Ra6 Bc7 117. Rc6 Be5 118. Rc8 Bd6 119. Rg8+ Kf5 120.
Rd8 Be5 121. Rd5 Ke6 122. Ke4 Bd6 123. Rh5 Bg3 124. Rh6+ Kd7 125. Kd5 Kc8 126.
Rh3 Bf4 127. Rb3 Bh2 128. Kc6 Kd8 129. Rd3+ Ke8 130. Rh3 Bf4 131. Rh7 Bg3 132.
Rc7 Bh2 133. Re7+ 1/2-1/2

[Event "Madrid-chT 2122"]
[Site "Madrid"]
[Date "2022.01.09"]
[Round "4.6"]
[White "Gil Quilez, David"]
[Black "Candela Martin, Alvaro"]
[Result "1-0"]
[WhiteElo "2142"]
[BlackElo "1861"]
[PlyCount "99"]
[EventDate "2021.11.27"]
[EventType "team-tourn"]
[EventRounds "14"]
[EventCountry "ESP"]
[SourceTitle "Ajedrez en Madrid"]
[Source "lmi"]
[SourceDate "2021.11.28"]
[SourceVersion "1"]
[SourceVersionDate "2022.03.28"]
[SourceQuality "1"]
[WhiteTeam "Virgen de Atocha"]
[BlackTeam "Alcala de Henares"]
[WhiteTeamCountry "ESP"]
[BlackTeamCountry "ESP"]

1. e4 e5 2. Nf3 Nc6 3. Bc4 Bc5 4. c3 Nf6 5. b4 Bb6 6. d3 d6 7. a4 a5 8. b5 Ne7
9. O-O Ng6 10. Be3 c6 11. bxc6 Bxe3 12. cxb7 Bxf2+ 13. Rxf2 Bxb7 14. Bxf7+ Kxf7
15. Qb3+ Bd5 16. exd5 Rb8 17. Qc2 Nf4 18. d4 Qe7 19. Nbd2 N6xd5 20. Re1 Rbc8
21. c4 Nb4 22. Qf5+ Qf6 23. Qd7+ Kg6 24. dxe5 Qe6 25. Qxe6+ Nxe6 26. exd6 Ng5
27. Nxg5 Kxg5 28. Re5+ Kg6 29. Re6+ Kh5 30. Rf5+ g5 31. Nf3 Rhg8 32. h3 Rg6 33.
Rxg6 hxg6 34. Rxg5+ Kh6 35. c5 Nc6 36. h4 Re8 37. Rd5 Re4 38. d7 Rxa4 39. d8=Q
Nxd8 40. Rxd8 Rc4 41. Rc8 a4 42. Ra8 Rxc5 43. Rxa4 Rc2 44. Kh2 Kh5 45. Kh3 Rc3
46. Ra8 Kh6 47. Ra4 Kh5 48. Rf4 Re3 49. g3 Re2 50. Ng5 1-0

[Event "Madrid-chT 2122"]
[Site "Madrid"]
[Date "2022.01.09"]
[Round "4.1"]
[White "Elissalt Cardenas, Hector"]
[Black "Moreno Trujillo, Alejandro"]
[Result "1/2-1/2"]
[WhiteElo "2287"]
[BlackElo "2493"]
[PlyCount "89"]
[EventDate "2021.11.27"]
[EventType "team-tourn"]
[EventRounds "14"]
[EventCountry "ESP"]
[SourceTitle "Ajedrez en Madrid"]
[Source "lmi"]
[SourceDate "2021.11.28"]
[SourceVersion "1"]
[SourceVersionDate "2022.03.28"]
[SourceQuality "1"]
[WhiteTeam "Tajamar"]
[BlackTeam "Villalba 64"]
[WhiteTeamCountry "ESP"]
[BlackTeamCountry "ESP"]

1. c4 e6 2. Nc3 Nf6 3. Nf3 Bb4 4. Qc2 c5 5. a3 Ba5 6. e4 Nc6 7. Be2 O-O 8. O-O
d5 9. d3 Bxc3 10. bxc3 dxe4 11. dxe4 e5 12. Rd1 Qc7 13. Nd2 Be6 14. Nf1 Ne8 15.
Ne3 f6 16. Nd5 Qf7 17. Be3 b6 18. Rd2 Na5 19. Rad1 Nb7 20. f4 Ned6 21. f5 Bxd5
22. Rxd5 Rfd8 23. g4 Ne8 24. Qa4 Rxd5 25. cxd5 Ned6 26. Ba6 Qe8 27. Qc2 c4 28.
Bxb7 Nxb7 29. a4 Nd6 30. Bc1 Qd7 31. Ba3 Nf7 32. Kg2 Kh8 33. h3 Rc8 34. Rb1 Nd8
35. a5 b5 36. a6 Nf7 37. Qf2 h6 38. Bb4 Kh7 39. Qe3 Qc7 40. Ra1 Kg8 41. h4 Qd7
42. Kf3 Qc7 43. Kg2 Qd7 44. Kf3 Qc7 45. Kg2 1/2-1/2

[Event "Madrid-chT 2122"]
[Site "Madrid"]
[Date "2022.01.09"]
[Round "4.2"]
[White "Khamrakulov, Ibragim S"]
[Black "Mkrtchyan, Levon"]
[Result "1-0"]
[WhiteElo "2416"]
[BlackElo "2284"]
[PlyCount "87"]
[EventDate "2021.11.27"]
[EventType "team-tourn"]
[EventRounds "14"]
[EventCountry "ESP"]
[SourceTitle "Ajedrez en Madrid"]
[Source "lmi"]
[SourceDate "2021.11.28"]
[SourceVersion "1"]
[SourceVersionDate "2022.03.28"]
[SourceQuality "1"]
[WhiteTeam "Villalba 64"]
[BlackTeam "Tajamar"]
[WhiteTeamCountry "ESP"]
[BlackTeamCountry "ESP"]

1. e4 e5 2. Nf3 Nc6 3. Bc4 Bc5 4. c3 Nf6 5. d3 d6 6. O-O O-O 7. Bb3 Bb6 8. Be3
Ne7 9. a4 c6 10. Nbd2 Ng6 11. d4 Bc7 12. Re1 h6 13. h3 Re8 14. a5 a6 15. dxe5
dxe5 16. Bc4 Nh5 17. Ng5 hxg5 18. Qxh5 Be6 19. Bxg5 Qc8 20. g3 Nf8 21. Be3 g6
22. Bxe6 Qxe6 23. Qh6 Bd8 24. Kg2 Bf6 25. Bb6 Nd7 26. Be3 Rad8 27. Nf3 Qc4 28.
Ng5 Nf8 29. Qh4 Rd3 30. Qg4 Ne6 31. Nxe6 Rxe6 32. h4 Bg7 33. Kh3 Qb3 34. Rad1
Red6 35. Rxd3 Rxd3 36. Qc8+ Kh7 37. Kg2 Qxb2 38. h5 gxh5 39. Rh1 Rxe3 40. Rxh5+
Bh6 41. Qf8 Rxg3+ 42. Kxg3 Qc1 43. Qxf7+ Kh8 44. Kg2 1-0

[Event "Madrid-chT 2122"]
[Site "Madrid"]
[Date "2022.01.09"]
[Round "4.3"]
[White "Rodriguez Lopez, David"]
[Black "Montoliu Cervero, Francisco"]
[Result "0-1"]
[WhiteElo "2147"]
[BlackElo "2412"]
[PlyCount "134"]
[EventDate "2021.11.27"]
[EventType "team-tourn"]
[EventRounds "14"]
[EventCountry "ESP"]
[SourceTitle "Ajedrez en Madrid"]
[Source "lmi"]
[SourceDate "2021.11.28"]
[SourceVersion "1"]
[SourceVersionDate "2022.03.28"]
[SourceQuality "1"]
[WhiteTeam "Tajamar"]
[BlackTeam "Villalba 64"]
[WhiteTeamCountry "ESP"]
[BlackTeamCountry "ESP"]

1. e4 c5 2. Nf3 d6 3. d4 cxd4 4. Qxd4 a6 5. c4 Nc6 6. Qd2 g6 7. b3 Bg7 8. Bb2
Bxb2 9. Qxb2 Nf6 10. Be2 Qa5+ 11. Nbd2 O-O 12. O-O Bg4 13. Bd3 Rfd8 14. Ne1 Ne5
15. f3 Bd7 16. Be2 Qc5+ 17. Rf2 Qe3 18. Nf1 Qa7 19. Rd1 b5 20. Qd4 bxc4 21.
Qxa7 Rxa7 22. Bxc4 Nxc4 23. bxc4 Rc8 24. Ne3 Rb7 25. Nd3 Ba4 26. Rc1 Nd7 27.
Rb2 Rxb2 28. Nxb2 Bc6 29. Nd3 e6 30. Rd1 Ba4 31. Rd2 Rc6 32. Rb2 Rc7 33. Kf2
Kf8 34. Rb4 Bc6 35. Rb2 Ke7 36. g4 g5 37. Ke2 a5 38. Kd2 Rc8 39. Rb1 h5 40. Rg1
Rh8 41. gxh5 Rxh5 42. Rg2 f6 43. Kc3 Rh3 44. Nc2 Ne5 45. Nxe5 dxe5 46. Kd3
Rxf3+ 47. Ne3 Rf4 48. Rb2 Bxe4+ 49. Ke2 Rh4 50. Nf1 Bg2 51. c5 Bxf1+ 52. Kxf1
Rc4 53. Rb7+ Kd8 54. Rb6 Rxc5 55. Rxe6 Rc4 56. Kg2 Rf4 57. a4 Kd7 58. Ra6 Ke7
59. Rxa5 Ke6 60. Ra8 Kf5 61. Kg3 Rb4 62. Ra6 Rb3+ 63. Kf2 Rb2+ 64. Kg3 Rb3+ 65.
Kf2 Ra3 66. Kg2 e4 67. Kf2 Ke5 0-1

[Event "Madrid-chT 2122"]
[Site "Madrid"]
[Date "2022.01.09"]
[Round "4.4"]
[White "Valles Moreno, Ivan"]
[Black "Rojas Pozo, Jose Luis"]
[Result "1-0"]
[WhiteElo "2393"]
[BlackElo "1887"]
[PlyCount "41"]
[EventDate "2021.11.27"]
[EventType "team-tourn"]
[EventRounds "14"]
[EventCountry "ESP"]
[SourceTitle "Ajedrez en Madrid"]
[Source "lmi"]
[SourceDate "2021.11.28"]
[SourceVersion "1"]
[SourceVersionDate "2022.03.28"]
[SourceQuality "1"]
[WhiteTeam "Villalba 64"]
[BlackTeam "Tajamar"]
[WhiteTeamCountry "ESP"]
[BlackTeamCountry "ESP"]

1. Nf3 Nf6 2. c4 e6 3. g3 d5 4. Bg2 Be7 5. O-O O-O 6. d4 Ne4 7. Nc3 f5 8. Qb3
c6 9. Bf4 Nd7 10. Rad1 Ndf6 11. Ne5 Qe8 12. cxd5 exd5 13. f3 Nd6 14. e4 Be6 15.
Nd3 Nb5 16. Nxb5 cxb5 17. Rfe1 Qd8 18. exf5 Bxf5 19. Qxb5 Bxd3 20. Rxd3 Bd6 21.
Be5 1-0

[Event "Madrid-chT 2122"]
[Site "Madrid"]
[Date "2022.01.09"]
[Round "4.1"]
[White "Martin Duque, Jesus"]
[Black "Taboas Rodriguez, Daniel"]
[Result "1-0"]
[WhiteElo "2406"]
[BlackElo "2370"]
[PlyCount "47"]
[EventDate "2021.11.27"]
[EventType "team-tourn"]
[EventRounds "14"]
[EventCountry "ESP"]
[SourceTitle "Ajedrez en Madrid"]
[Source "lmi"]
[SourceDate "2021.11.28"]
[SourceVersion "1"]
[SourceVersionDate "2022.03.28"]
[SourceQuality "1"]
[WhiteTeam "Collado Villalba"]
[BlackTeam "Blanco y Negro"]
[WhiteTeamCountry "ESP"]
[BlackTeamCountry "ESP"]

1. Nf3 Nf6 2. b3 b6 3. g3 g6 4. Bb2 Bg7 5. Bg2 Bb7 6. O-O O-O 7. c4 c5 8. Nc3
d5 9. Nxd5 Nxd5 10. Bxg7 Kxg7 11. cxd5 Qxd5 12. d4 cxd4 13. Qxd4+ Qxd4 14. Nxd4
Bxg2 15. Kxg2 Rc8 16. Rac1 Na6 17. a3 Nc5 18. b4 Ne4 19. Nb5 a5 20. Nc7 Rab8
21. Rfd1 Rd8 22. Rxd8 Rxd8 23. Rc6 Rd6 24. Ne8+ 1-0

[Event "Madrid-chT 2122"]
[Site "Madrid"]
[Date "2022.01.09"]
[Round "4.2"]
[White "Alarcia Astiz, Carlos"]
[Black "Lianes Garcia, Marcos"]
[Result "0-1"]
[WhiteElo "2315"]
[BlackElo "2409"]
[PlyCount "88"]
[EventDate "2021.11.27"]
[EventType "team-tourn"]
[EventRounds "14"]
[EventCountry "ESP"]
[SourceTitle "Ajedrez en Madrid"]
[Source "lmi"]
[SourceDate "2021.11.28"]
[SourceVersion "1"]
[SourceVersionDate "2022.03.28"]
[SourceQuality "1"]
[WhiteTeam "Blanco y Negro"]
[BlackTeam "Collado Villalba"]
[WhiteTeamCountry "ESP"]
[BlackTeamCountry "ESP"]

1. e4 c5 2. Nf3 d6 3. d4 cxd4 4. Nxd4 Nf6 5. Nc3 a6 6. f4 e5 7. Nf3 Nbd7 8. Bd3
b5 9. a3 Be7 10. O-O Bb7 11. Qe1 O-O 12. Kh1 Qc7 13. fxe5 dxe5 14. Nh4 g6 15.
Bh6 Rfe8 16. Nf5 Bf8 17. Qg3 Kh8 18. Bxf8 Rxf8 19. Ne3 Nh5 20. Qh4 Qd8 21. Qxd8
Raxd8 22. a4 b4 23. Ncd5 Nc5 24. Nxb4 Nf4 25. Nc4 f6 26. Kg1 Rd4 27. Ra3 Bxe4
28. Na2 Nfxd3 29. cxd3 Bxd3 30. Rxd3 Nxd3 31. b3 Kg7 32. Nc1 Rb8 33. Ne2 Rd7
34. Rb1 Nc5 35. Na5 Nxa4 36. Rc1 Rb5 37. bxa4 Rxa5 38. Rc4 Rad5 39. Kf2 Rd2 40.
Rc6 Ra2 41. Ke3 Rxa4 42. h3 f5 43. Nc3 Rad4 44. Rc5 Rd2 0-1

[Event "Madrid-chT 2122"]
[Site "Madrid"]
[Date "2022.01.09"]
[Round "4.3"]
[White "Alonso Garcia, Aaron"]
[Black "Renteria Becerra, Jorge Elicer"]
[Result "1-0"]
[WhiteElo "2345"]
[BlackElo "2277"]
[PlyCount "136"]
[EventDate "2021.11.27"]
[EventType "team-tourn"]
[EventRounds "14"]
[EventCountry "ESP"]
[SourceTitle "Ajedrez en Madrid"]
[Source "lmi"]
[SourceDate "2021.11.28"]
[SourceVersion "1"]
[SourceVersionDate "2022.03.28"]
[SourceQuality "1"]
[WhiteTeam "Collado Villalba"]
[BlackTeam "Blanco y Negro"]
[WhiteTeamCountry "ESP"]
[BlackTeamCountry "ESP"]

1. e4 c5 2. Nf3 d6 3. d4 cxd4 4. Nxd4 Nf6 5. Nc3 a6 6. f3 e5 7. Nb3 Be6 8. Be3
Be7 9. Qd2 h5 10. Nd5 Bxd5 11. exd5 Nbd7 12. c4 a5 13. Rc1 a4 14. Na1 Qb8 15.
Bd3 Bd8 16. O-O Bb6 17. Bxb6 Nxb6 18. Nc2 Nbd7 19. Na3 Qa7+ 20. Kh1 h4 21. Nb5
Qb6 22. Qf2 Qxf2 23. Nxd6+ Ke7 24. Nf5+ Kf8 25. Rxf2 Nc5 26. Bc2 Ra6 27. Rb1 g6
28. Ne3 Rb6 29. b4 axb3 30. axb3 Rb4 31. Bd1 Kg7 32. Ra2 b5 33. Rab2 bxc4 34.
bxc4 Rxb2 35. Rxb2 Ra8 36. Be2 Ra1+ 37. Nf1 Nh5 38. Kg1 Nf4 39. g3 hxg3 40.
hxg3 Nh5 41. Kf2 Nf6 42. Nd2 Ra3 43. Nb1 Ra1 44. g4 e4 45. Ke3 exf3 46. Bxf3
Nfd7 47. Kd4 f5 48. gxf5 gxf5 49. Rb5 Kf6 50. Nd2 Ra3 51. Rxc5 Nxc5 52. Kxc5
Rd3 53. Kd6 Rxd2 54. c5 Rd3 55. Be2 Rd2 56. Bb5 Rb2 57. c6 Rxb5 58. c7 Rb6+ 59.
Kd7 Ke5 60. c8=Q Rd6+ 61. Ke7 Rxd5 62. Qh8+ Ke4 63. Ke6 Rc5 64. Qh1+ Kd4 65.
Kd6 Rb5 66. Qc6 Rb3 67. Qc5+ Kd3 68. Qxf5+ Ke2 1-0

[Event "Madrid-chT 2122"]
[Site "Madrid"]
[Date "2022.01.09"]
[Round "4.4"]
[White "Hidalgo Duque, Carlos"]
[Black "Suarez Uriel, Adrian"]
[Result "0-1"]
[WhiteElo "2274"]
[BlackElo "2352"]
[PlyCount "74"]
[EventDate "2021.11.27"]
[EventType "team-tourn"]
[EventRounds "14"]
[EventCountry "ESP"]
[SourceTitle "Ajedrez en Madrid"]
[Source "lmi"]
[SourceDate "2021.11.28"]
[SourceVersion "1"]
[SourceVersionDate "2022.03.28"]
[SourceQuality "1"]
[WhiteTeam "Blanco y Negro"]
[BlackTeam "Collado Villalba"]
[WhiteTeamCountry "ESP"]
[BlackTeamCountry "ESP"]

1. Nf3 Nf6 2. c4 b6 3. g3 Bb7 4. Bg2 g6 5. O-O Bg7 6. Nc3 O-O 7. d4 Ne4 8. Bd2
Nxd2 9. Qxd2 c5 10. d5 d6 11. a4 Na6 12. Rad1 Nc7 13. e4 Qd7 14. b3 Rad8 15.
Rfe1 e5 16. dxe6 fxe6 17. h4 Qe7 18. Nb5 Nxb5 19. axb5 h6 20. Qc2 Ba8 21. Rd3
Qf7 22. Qd2 Qc7 23. Bh3 Rf6 24. Ne5 Kh7 25. Rd1 Rdf8 26. Ng4 R6f7 27. f4 Bxe4
28. Rxd6 Bd5 29. Rxd5 exd5 30. cxd5 Bd4+ 31. Kh2 Qd6 32. Bg2 Rxf4 33. gxf4 Rxf4
34. Kh3 h5 35. Ne3 Rxh4+ 36. Kxh4 Qh2+ 37. Bh3 Bf6# 0-1

[Event "Madrid-chT 2122"]
[Site "Madrid"]
[Date "2022.01.09"]
[Round "4.5"]
[White "Ruiz Buendia, Miguel"]
[Black "Balbuena Fuentes, Mario"]
[Result "0-1"]
[WhiteElo "2097"]
[BlackElo "2240"]
[PlyCount "108"]
[EventDate "2021.11.27"]
[EventType "team-tourn"]
[EventRounds "14"]
[EventCountry "ESP"]
[SourceTitle "Ajedrez en Madrid"]
[Source "lmi"]
[SourceDate "2021.11.28"]
[SourceVersion "1"]
[SourceVersionDate "2022.03.28"]
[SourceQuality "1"]
[WhiteTeam "Collado Villalba"]
[BlackTeam "Blanco y Negro"]
[WhiteTeamCountry "ESP"]
[BlackTeamCountry "ESP"]

1. e4 e6 2. d4 d5 3. Nc3 Nf6 4. Bg5 h6 5. Bxf6 Qxf6 6. exd5 Bb4 7. Bb5+ c6 8.
dxc6 bxc6 9. Ba4 O-O 10. a3 Bxc3+ 11. bxc3 Qg5 12. Qf3 Qa5 13. Bb3 Ba6 14. Ne2
Rd8 15. h4 Nd7 16. Qxc6 Bxe2 17. Kxe2 Rac8 18. Qa4 Qh5+ 19. f3 Rxc3 20. Kd2 Nc5
21. Qb4 Rxb3 22. cxb3 Rxd4+ 23. Qxd4 Nxb3+ 24. Kc3 Nxd4 25. Kxd4 Qg6 26. Ra2
e5+ 27. Ke3 Qb6+ 28. Ke2 Qb5+ 29. Kf2 Qc5+ 30. Kg3 Qc4 31. Raa1 Qf4+ 32. Kf2 e4
33. Ke2 f5 34. Raf1 Qg3 35. Rf2 Qe5 36. fxe4 Qxe4+ 37. Kd2 Qd4+ 38. Ke2 Qb2+
39. Kf3 Qxa3+ 40. Ke2 Qb2+ 41. Ke3 Qc3+ 42. Ke2 Qc2+ 43. Ke3 Qe4+ 44. Kd2 Kf7
45. Rhf1 Kf6 46. g3 g5 47. hxg5+ hxg5 48. Rh2 Qd4+ 49. Ke1 Qe3+ 50. Kd1 Qd3+
51. Ke1 Qxg3+ 52. Rhf2 f4 53. Ke2 Qe3+ 54. Kd1 Kf5 0-1

[Event "Madrid-chT 2122"]
[Site "Madrid"]
[Date "2022.01.09"]
[Round "4.1"]
[White "Adan Bermudez, Sergio"]
[Black "Corral Blanco, Juan Antonio"]
[Result "1-0"]
[WhiteElo "2341"]
[BlackElo "2421"]
[PlyCount "65"]
[EventDate "2021.11.27"]
[EventType "team-tourn"]
[EventRounds "14"]
[EventCountry "ESP"]
[SourceTitle "Ajedrez en Madrid"]
[Source "lmi"]
[SourceDate "2021.11.28"]
[SourceVersion "1"]
[SourceVersionDate "2022.03.28"]
[SourceQuality "1"]
[WhiteTeam "San Sebastian de los Reyes"]
[BlackTeam "La Didactica"]
[WhiteTeamCountry "ESP"]
[BlackTeamCountry "ESP"]

1. d4 Nf6 2. Bg5 c5 3. d5 h6 4. Bxf6 exf6 5. Nc3 d6 6. e4 a6 7. a4 f5 8. exf5
Bxf5 9. Bd3 Bc8 10. Nf3 Be7 11. Qe2 Bg4 12. Qe4 Bxf3 13. gxf3 Nd7 14. Rg1 Nf6
15. Qe3 g6 16. O-O-O Kd7 17. f4 Qa5 18. Bxg6 fxg6 19. Qe6+ Kd8 20. Rxg6 Rf8 21.
Re1 Qc7 22. Rg7 Re8 23. Qxf6 Bxf6 24. Rxe8+ Kxe8 25. Rxc7 b5 26. Ne4 Be7 27. f5
bxa4 28. f6 Bf8 29. f4 Rb8 30. Ng5 hxg5 31. fxg5 Rb4 32. g6 Bh6+ 33. Kb1 1-0